La psicología del desarrollo moral: historia, teoría e investigación actual
Salvato in:
| Autori principali: | , |
|---|---|
| Natura: | Libro |
| Lingua: | spagnolo |
| Pubblicazione: |
Madrid
Siglo Veintiuno
1991
|
| Serie: | Psicología Moral
|
| Soggetti: | |
| Tags: |
Aggiungi Tag
Nessun Tag, puoi essere il primo ad aggiungerne!!
|
MARC
| LEADER | 00000nam a2200000 a 4500 | ||
|---|---|---|---|
| 001 | UCM8316 | ||
| 003 | CL-VaPUC | ||
| 008 | 030307e19911100SP |||||||||||||||||spa|d | ||
| 082 | 0 | 4 | |a 170 |b PER |2 21 |
| 100 | 0 | |a Pérez-Delgado, Esteban |e author |9 474313 | |
| 700 | 0 | |a García-Ros, Rafael |e author |9 474314 | |
| 245 | 1 | 3 | |a La psicología del desarrollo moral: historia, teoría e investigación actual |
| 300 | |a 201 p | ||
| 942 | |c BK | ||
| 945 | |d 20030307 00:00:00 |a vberengu | ||
| 260 | |a Madrid |b Siglo Veintiuno |c 1991 | ||
| 650 | 7 | |a PSICOLOGIA MORAL |2 CL-VaPUC |9 474315 | |
| 650 | 7 | |a DESARROLLO MORAL |2 CL-VaPUC |9 310605 | |
| 650 | 0 | |a Conciencia |9 309452 | |
| 650 | 7 | |a CONDUCTISMO |2 CL-VaPUC |9 309844 | |
| 650 | 0 | |a Valores morales |9 310604 | |
| 650 | 0 | |a Constructivismo |9 268156 | |
| 650 | 0 | |a Juicio |9 321615 | |
| 583 | |a last modification |c 20030307 00:00:00 |k Rodrigo Vera | ||
| 490 | 0 | |a Psicología Moral | |
| 999 | |c 302854 |d 302852 | ||
| 952 | |0 0 |1 2 |4 0 |6 170_000000000000000_PER_1991 |7 0 |8 A |9 363645 |a BIBTEO |b BIBTEO |d 2019-11-21 |i 385695K |o 170 PER 1991 |p 385695K |r 2019-11-21 |w 2019-11-21 |x Descarte 2019 |y BK |k ICR | ||